00437nam a2200145 a 4500008004100000020001500041050001500056100002100071245009400092260003400186300002100220350000900241650001800250700002300268120416s1972 ||||||||||||||||| || u a0262520281 aHT 166 Blu aBlumenfeld, Hans14aThe modern metropolis: its origins, growth, characteristics, and planning selected essays aCambridge, Mass.bM.I.Tc1972 axvi, 379p. : ill a0.00 0aCITY PLANNING aSpreiregen, Paul D